<?xml version="1.0" encoding="UTF-8"?><?xml-stylesheet type="text/xsl" href="static/style.xsl"?><OAI-PMH xmlns="http://www.openarchives.org/OAI/2.0/" xmlns:xsi="http://www.w3.org/2001/XMLSchema-instance" xsi:schemaLocation="http://www.openarchives.org/OAI/2.0/ http://www.openarchives.org/OAI/2.0/OAI-PMH.xsd"><responseDate>2026-06-01T15:47:17Z</responseDate><request verb="GetRecord" identifier="oai:riuma.uma.es:10630/6814" metadataPrefix="marc">https://riuma.uma.es/rest/oai/request</request><GetRecord><record><header><identifier>oai:riuma.uma.es:10630/6814</identifier><datestamp>2026-02-03T12:33:15Z</datestamp><setSpec>com_10630_2254</setSpec><setSpec>col_10630_37959</setSpec></header><metadata><record xmlns="http://www.loc.gov/MARC21/slim" xmlns:dcterms="http://purl.org/dc/terms/" xmlns:doc="http://www.lyncode.com/xoai" xmlns:xsi="http://www.w3.org/2001/XMLSchema-instance" xsi:schemaLocation="http://www.loc.gov/MARC21/slim http://www.loc.gov/standards/marcxml/schema/MARC21slim.xsd">
   <leader>00925njm 22002777a 4500</leader>
   <datafield ind2=" " ind1=" " tag="042">
      <subfield code="a">dc</subfield>
   </datafield>
   <datafield ind2=" " ind1=" " tag="720">
      <subfield code="a">Álvarez-Carnero, Elvis</subfield>
      <subfield code="e">author</subfield>
   </datafield>
   <datafield ind2=" " ind1=" " tag="720">
      <subfield code="a">Alvero-Cruz, José Ramón</subfield>
      <subfield code="e">author</subfield>
   </datafield>
   <datafield ind2=" " ind1=" " tag="720">
      <subfield code="a">Barrera-Expósito, Jesús</subfield>
      <subfield code="e">author</subfield>
   </datafield>
   <datafield ind2=" " ind1=" " tag="720">
      <subfield code="a">Sardinha, Luis, B.</subfield>
      <subfield code="e">author</subfield>
   </datafield>
   <datafield ind2=" " ind1=" " tag="260">
      <subfield code="c">2013-12-18</subfield>
   </datafield>
   <datafield ind2=" " ind1=" " tag="520">
      <subfield code="a">INTRODUCTION: Total body water (TBW) assessment is a cornerstone in order to validate equations to estimate body composition components as fat mass and fat free mass. Deuterium dilution technique (D2DT) is considered the gold standard method to assess TBW, however in Spain there are not any reference data using D2DT. The knowledge of specific references for Spanish population must be a goal for the biological studies of Spanish people. OBJECTIVE: It was our aim to assess TBW using the D2DT in a sample of Spanish adolescents. METHODS: 224 specimens of urine from 150 adolescents (113 girls and 111 boys) were taken to analyze. A dose of 0.1 grams of 2D2O per Kg of body weight was administrated; afterwards it was followed by 4-hours stabilization period. The isotope (deuterium oxide (D2O)) dilution method was used to measure TBW with an isotope-ratio mass-spectrometer. Averages by sex and Tanner stages were calculated for %TBW and TBW. General lineal model were used to analyze differences and interactions between groups. RESULTS: %TBW was significantly different between boys and girls (58.98_5.59% vs 55.5_4.28%, P&lt;0.001). Significant differences were found among 12 years and other groups of age (15, 16, 17 and 18; P&lt;0.05) but not for maturation groups (P>0.05). CONCLUSIONS: This study has been the first in Spain, which have measured TBW in vivo using D2DT. These data can be useful to validate new methods and equations from bioimpedance analysis to estimate TBW.</subfield>
   </datafield>
   <datafield ind1="8" ind2=" " tag="024">
      <subfield code="a">http://hdl.handle.net/10630/6814</subfield>
   </datafield>
   <datafield tag="653" ind2=" " ind1=" ">
      <subfield code="a">Hidratación</subfield>
   </datafield>
   <datafield tag="653" ind2=" " ind1=" ">
      <subfield code="a">Cuerpo humano - Composición</subfield>
   </datafield>
   <datafield ind2="0" ind1="0" tag="245">
      <subfield code="a">TBW Assessment by Deuterium Dilution in Spanish Adolescents</subfield>
   </datafield>
</record>
</metadata></record></GetRecord></OAI-PMH>